Emerging markets crisis an asset markets perspective

Uložené v:
Podrobná bibliografia
Hlavný autor: Caballero, Ricardo J.
Ďalší autori: Krishnamuthy, Arvind
Médium: Kniha
Jazyk:English
Vydavateľské údaje: Washington International Monetary Fund 1999
Edícia:IMF Working Paper WP/99/129
Predmet:
Tagy: Pridať tag
Žiadne tagy, Buďte prvý, kto otaguje tento záznam!

MARC

LEADER 00000nam a2200000 4500
001 c123792
005 20221221082211.3
041 0 |a eng 
044 |a US 
245 1 0 |a Emerging markets crisis  |b an asset markets perspective  |c Ricardo J. Caballero and Arvind Krishnamuthy 
264 1 |a Washington  |b International Monetary Fund  |c 1999 
300 |a 53 s. 
490 1 |a IMF Working Paper  |v WP/99/129 
830 0 |a IMF Working Paper  |v WP/99/129 
610 2 0 |a trh peňažný medzinárodný 
610 2 0 |a záruka 
610 2 0 |a rozhodovanie 
100 1 |a Caballero, Ricardo J. 
700 1 |a Krishnamuthy, Arvind